000 00392nam a2200145Ia 4500
008 230917s9999||||xx |||||||||||||| ||und||
040 _e208470
_aMAIN
041 _aEnglish
082 _a340 S64H
100 _aDeepa Singh
245 0 _aHuman rights violation in police custody: Problems and challenges in India
260 _aRohtak
_bM.D.University
_c2001
300 _a490 p.
942 _cTH
999 _c89327
_d89327